000
00195 a2200097 4500
001
1621
100
_a
Pealfeeld, A.E
245
_a
Workshop practice
260
_a
_b
E.U.P
_c
090
_c
1159
_d
1159
942
_a
NUST-CAE
_c
M
_c
1769
999
_c
236694
_d
236694